| 000 | 00473cam a22001577a 4500 | ||
|---|---|---|---|
| 008 | 180718b1998 xxu||||| |||| 00| 0 eng d | ||
| 082 | _aV4 N56 | ||
| 245 |
_aFresh water for India's children and nature _cby Ashok Nigam...[et.al] |
||
| 260 |
_aNew Delhi _bWorld Wide Fund _c1998 |
||
| 300 | _a82+p. | ||
| 650 | _aChildren - India | ||
| 650 | _aFresh water | ||
| 700 | _aWorld Wide Fund (WWF) | ||
| 700 | _aUnited Nations Children's Fund (UNICEF) | ||
| 700 | _aNigam, Ashok | ||
| 999 |
_c481250 _d481250 |
||